[Event "Sparkassen-Open A"]
[Site "Heusenstamm, Martinsee"]
[Date "2015.11.29"]
[Round "7.48"]
[White "Blosze, Winfried"]
[Black "Hinrichs, Hans-Uwe"]
[Result "0-1"]
[WhiteElo "1865"]
[BlackElo "2167"]
[PlyCount "68"]
[EventDate "2015.??.??"]
[WhiteTeam "SV Großauheim"]
[BlackTeam "SK Bingen"]

1. e4 c6 2. d4 g6 3. Nc3 d5 4. exd5 cxd5 5. Be3 Nc6 6. Qd2 Bg7 7. O-O-O Bf5 8.
Bd3 Bxd3 9. Qxd3 e6 10. h4 h5 11. f3 Bf6 12. g3 Nge7 13. Nge2 Nf5 14. Bf2 a6
15. Nb1 Rc8 16. Qb3 Na5 17. Qd3 Nc6 18. Qb3 Qc7 19. Rd2 b5 20. c3 Qb6 21. Kd1
Na5 22. Qc2 Kf8 23. Rd3 Kg7 24. Ke1 Nc4 25. Kf1 b4 26. Qb3 a5 27. cxb4 axb4 28.
Kg2 Qa5 29. Be1 Be7 30. a3 Rb8 31. axb4 Bxb4 32. Bxb4 Rxb4 33. Qc3 Rxb2 34.
Qxa5 Rxe2+ 0-1

[Event "Sparkassen-Open A"]
[Site "Heusenstamm, Martinsee"]
[Date "2015.11.29"]
[Round "7.49"]
[White "Mueller, Thorsten"]
[Black "Feldmann, Johannes"]
[Result "1/2-1/2"]
[WhiteElo "2112"]
[BlackElo "2145"]
[PlyCount "97"]
[EventDate "2015.??.??"]
[WhiteTeam "VSG Offenbach"]
[BlackTeam "SK Ludwigshafen"]

1. d4 e6 2. Nf3 Nf6 3. Bf4 b6 4. e3 Bb7 5. h3 Be7 6. Bd3 c5 7. c3 O-O 8. Nbd2
cxd4 9. exd4 d6 10. O-O Nbd7 11. Qe2 a6 12. Rfe1 Re8 13. Nc4 Qc7 14. Rad1 Nf8
15. Bg3 Bc6 16. Nfd2 b5 17. Ne3 Qb7 18. f3 Ng6 19. Nc2 Nh5 20. Bxg6 hxg6 21.
Qf2 Nxg3 22. Qxg3 Qd7 23. Nb4 Bb7 24. Nd3 Qd8 25. Re2 Qb6 26. Kh1 a5 27. Ne4 b4
28. Nf4 Qd8 29. Nd3 Ba6 30. Rc2 Bxd3 31. Rxd3 d5 32. Nd2 bxc3 33. bxc3 Rb8 34.
f4 Qd7 35. Nf3 Qb5 36. Rdd2 Qb1+ 37. Kh2 Qa1 38. Re2 Rb1 39. Qg4 Bf6 40. Ne5
Rh1+ 41. Kg3 Rc8 42. Qf3 Rc1 43. Rxc1 Qxc1 44. Re3 Qc2 45. a3 Be7 46. c4 dxc4
47. Qb7 Re8 48. Qd7 Kf8 49. Qc6 1/2-1/2

[Event "Sparkassen-Open A"]
[Site "Heusenstamm, Martinsee"]
[Date "2015.11.29"]
[Round "7.50"]
[White "Larem, Peter"]
[Black "Schmidt, Markus a"]
[Result "0-1"]
[WhiteElo "1860"]
[BlackElo "2118"]
[PlyCount "62"]
[EventDate "2015.??.??"]
[WhiteTeam "SG Rödermark"]
[BlackTeam "SK Turm Bad Hersfeld"]

1. e4 e5 2. d4 exd4 3. c3 d5 4. exd5 Qxd5 5. cxd4 Nc6 6. Nf3 Bg4 7. Be2 O-O-O
8. Nc3 Qd7 9. O-O Bxf3 10. Bxf3 Nxd4 11. Be3 Nh6 12. Bd5 Nb5 13. Qa4 a6 14.
Rfd1 Nd6 15. Bxb7+ Kxb7 16. Qb3+ Kc8 17. Qa3 Qc6 18. Rac1 Nc4 19. Rxd8+ Kxd8
20. Qb3 Nxe3 21. fxe3 Qb6 22. Qd5+ Bd6 23. Nd1 Re8 24. Qg5+ Kc8 25. Kf2 Qb5 26.
Qxg7 Qf5+ 27. Kg1 Ng4 28. h3 Nxe3 29. Nxe3 Rxe3 30. Qh8+ Kb7 31. Qd4 Re1+ 0-1

[Event "Sparkassen-Open A"]
[Site "Heusenstamm, Martinsee"]
[Date "2015.11.29"]
[Round "7.51"]
[White "Kalepky, Helmut"]
[Black "Mager, Thomas"]
[Result "1/2-1/2"]
[WhiteElo "2064"]
[BlackElo "1838"]
[PlyCount "40"]
[EventDate "2015.??.??"]
[WhiteTeam "SF Heidesheim"]
[BlackTeam "vereinslos"]

1. d4 f5 2. c4 Nf6 3. g3 g6 4. Bg2 Bg7 5. Nf3 O-O 6. Nc3 d6 7. O-O Qe8 8. d5 a5
9. Nd4 Na6 10. Bg5 Bd7 11. Rc1 Rb8 12. Qd2 c6 13. h3 Nc5 14. Bxf6 Bxf6 15. Rfd1
Rd8 16. Kh2 e5 17. dxe6 Nxe6 18. Nxe6 Bxe6 19. b3 Qf7 20. e3 Rd7 1/2-1/2

[Event "Sparkassen-Open A"]
[Site "Heusenstamm, Martinsee"]
[Date "2015.11.29"]
[Round "7.52"]
[White "Bengsch, Norbert"]
[Black "Martin, Reiner"]
[Result "1/2-1/2"]
[WhiteElo "1800"]
[BlackElo "2021"]
[PlyCount "25"]
[EventDate "2015.??.??"]
[WhiteTeam "SG Donautal Tuttlingen"]
[BlackTeam "SC Bad Soden"]

1. e4 g6 2. d4 Bg7 3. Nc3 d6 4. Be3 a6 5. Bd3 b5 6. a3 Nd7 7. Nf3 Bb7 8. Qd2
Rc8 9. Ne2 c5 10. c3 Ngf6 11. Bh6 O-O 12. Bxg7 Kxg7 13. Ng3 1/2-1/2

[Event "Sparkassen-Open A"]
[Site "Heusenstamm, Martinsee"]
[Date "2015.11.29"]
[Round "7.53"]
[White "Rutsatz, Mario"]
[Black "Ovsepyan, Mikhail"]
[Result "0-1"]
[WhiteElo "1988"]
[BlackElo "1785"]
[PlyCount "114"]
[EventDate "2015.??.??"]
[WhiteTeam "SF Frankfurt"]
[BlackTeam "SF Frankfurt"]

1. e4 c5 2. Nc3 Nc6 3. g3 e5 4. Bg2 Nf6 5. d3 h6 6. Be3 Be7 7. f4 exf4 8. gxf4
d6 9. Nf3 Ng4 10. Bg1 Bh4+ 11. Kf1 Be7 12. Qe2 O-O 13. Nd5 Re8 14. Nxe7+ Qxe7
15. h3 Nf6 16. Bf2 Nd7 17. Re1 Qf6 18. c3 Qxf4 19. Be3 Qg3 20. Qd2 Nde5 21. Bf4
Nxf3 22. Bxg3 Nxd2+ 23. Ke2 Nxe4 24. dxe4 Ne5 25. Rd1 Be6 26. Rxd6 Nc4 27. Rdd1
Nxb2 28. Rb1 Na4 29. Rxb7 Nxc3+ 30. Kf2 Nxa2 31. Bd6 c4 32. e5 Rac8 33. Rxa7 c3
34. Ba3 c2 35. Bc1 Red8 36. Bf3 Nxc1 37. Rxc1 Bxh3 38. Be4 Rc5 39. Rxc2 Rxe5
40. Bf3 Be6 41. Kg3 g6 42. Kf4 Re1 43. Rcc7 h5 44. Kg5 Kg7 45. Re7 Rg1+ 46. Kf4
Kf6 47. Rec7 h4 48. Ke3 g5 49. Kf2 Rb1 50. Bh5 Rb2+ 51. Ke3 Rf8 52. Ra1 Rb5 53.
Rc6 Rfb8 54. Rf1+ Kg7 55. Rc7 R8b7 56. Rc2 g4 57. Rf4 Rxh5 0-1

[Event "Sparkassen-Open A"]
[Site "Heusenstamm, Martinsee"]
[Date "2015.11.29"]
[Round "7.54"]
[White "Schellen, Sven"]
[Black "Müller, Gerhard"]
[Result "1-0"]
[WhiteElo "1813"]
[BlackElo "1938"]
[PlyCount "107"]
[EventDate "2015.??.??"]
[WhiteTeam "SF Frankfurt"]
[BlackTeam "SV Mainz-Mombach"]

1. d4 Nf6 2. c4 d6 3. Nf3 g6 4. Nc3 Bg7 5. Bf4 c6 6. e3 Nbd7 7. Be2 O-O 8. h3
a6 9. O-O Re8 10. Rc1 e5 11. dxe5 dxe5 12. Nxe5 Qb6 13. Na4 Qa5 14. Nd3 Qd8 15.
c5 Nd5 16. Bd6 N7f6 17. Nf4 Nxf4 18. Bxf4 Nd5 19. Nb6 Nxb6 20. Qxd8 Rxd8 21.
cxb6 Bxb2 22. Rcd1 Be6 23. Bc7 Re8 24. Bf3 Bc4 25. Rd7 Bxf1 26. Kxf1 Rab8 27.
Be2 f5 28. Bc4+ Kh8 29. Ke2 Be5 30. Bxb8 Rxb8 31. f4 Bf6 32. Be6 Bc3 33. Rd3
Ba5 34. Rb3 Rd8 35. g4 fxg4 36. hxg4 Kg7 37. g5 h6 38. gxh6+ Kxh6 39. Rb1 Kg7
40. Kf3 Kf6 41. Bg4 Rd3 42. Bc8 c5 43. Bxb7 Rd6 44. e4 Rxb6 45. e5+ Ke7 46.
Rxb6 Bxb6 47. Bxa6 Ba5 48. Bd3 Kf7 49. Bc4+ Ke7 50. a4 Bd2 51. Ke4 Kd7 52. Bf7
g5 53. f5 g4 54. f6 1-0

[Event "Sparkassen-Open A"]
[Site "Heusenstamm, Martinsee"]
[Date "2015.11.29"]
[Round "7.55"]
[White "Pabel, Ralph"]
[Black "Völler, Lothar"]
[Result "1-0"]
[WhiteElo "1938"]
[BlackElo "1738"]
[PlyCount "65"]
[EventDate "2015.??.??"]
[WhiteTeam "SK Mainaschaff"]
[BlackTeam "FS Dortmund"]

1. c4 f5 2. g3 Nf6 3. d4 e6 4. Bg2 Be7 5. d5 O-O 6. Nc3 e5 7. Qc2 d6 8. Bd2 Qe8
9. f3 a5 10. Nh3 Na6 11. Nf2 Nb4 12. Qd1 b6 13. Nb5 Bd8 14. e4 fxe4 15. fxe4
Nfxd5 16. exd5 Rxf2 17. Kxf2 Nd3+ 18. Kg1 Nxb2 19. Qc2 Nxc4 20. Qxc4 Ba6 21. a4
Qh5 22. Rf1 Bg5 23. Bxg5 Qxg5 24. Qe2 Bxb5 25. axb5 a4 26. Be4 a3 27. Qf2 Qe7
28. Bf5 g6 29. Be6+ Kh8 30. Kg2 a2 31. Ra1 Ra5 32. Rhf1 e4 33. Qd4+ 1-0

[Event "Sparkassen-Open A"]
[Site "Heusenstamm, Martinsee"]
[Date "2015.11.29"]
[Round "7.56"]
[White "Zimmer, Gerald"]
[Black "Köllner, Felicitas Ophelia"]
[Result "1-0"]
[WhiteElo "1923"]
[BlackElo "1682"]
[PlyCount "73"]
[EventDate "2015.??.??"]
[WhiteTeam "SC Bergen-Enkheim"]
[BlackTeam "SV Bergneustadt/Derschlag"]

1. d4 d6 2. g3 Nf6 3. Bg2 Nbd7 4. Nf3 e5 5. dxe5 dxe5 6. O-O Be7 7. b3 O-O 8.
Bb2 Bd6 9. e3 Re8 10. Nbd2 Nb6 11. c4 c6 12. Qc2 Nbd7 13. Rad1 Qc7 14. Ng5 h6
15. Nge4 Nxe4 16. Nxe4 Bf8 17. c5 b6 18. Nd6 Rd8 19. cxb6 axb6 20. Qxc6 Qxc6
21. Bxc6 Ba6 22. Bxa8 Bxf1 23. Kxf1 Rxa8 24. Nxf7 Kxf7 25. Rxd7+ Ke6 26. Rb7
Rxa2 27. Rxb6+ Bd6 28. Bc3 Rc2 29. Bb4 Rc1+ 30. Kg2 Rd1 31. Rxd6+ Rxd6 32. Bxd6
Kxd6 33. Kf3 g5 34. Ke4 h5 35. b4 h4 36. gxh4 gxh4 37. b5 1-0

[Event "Sparkassen-Open A"]
[Site "Heusenstamm, Martinsee"]
[Date "2015.11.29"]
[Round "7.57"]
[White "Lanz, Udo"]
[Black "Cors, Heinz-Friedrich"]
[Result "0-1"]
[WhiteElo "1781"]
[BlackElo "1916"]
[PlyCount "86"]
[EventDate "2015.??.??"]
[WhiteTeam "VSG Offenbach"]
[BlackTeam "Schachforum Darmstadt"]

1. e4 c6 2. d4 d5 3. f3 e6 4. Bf4 c5 5. c3 Nc6 6. Bb5 Qb6 7. Bxc6+ bxc6 8. Qb3
Nf6 9. Qxb6 axb6 10. Nd2 cxd4 11. cxd4 c5 12. Ne2 Ba6 13. a3 Be7 14. Kf2 O-O
15. Be3 Bb7 16. e5 Nd7 17. Rac1 Rac8 18. Rhf1 Ba6 19. Rfe1 cxd4 20. Bxd4 Bc5
21. Bxc5 Nxc5 22. Ke3 Nd3 23. Rxc8 Rxc8 24. Rb1 Nxe5 25. b4 Nd7 26. Rc1 Rxc1
27. Nxc1 Kf8 28. f4 Ke7 29. g3 Kd6 30. Nf3 f6 31. a4 e5 32. Nb3 d4+ 33. Kd2 Kd5
34. a5 bxa5 35. Nxa5 e4 36. Nh4 e3+ 37. Ke1 Ke4 38. Nb3 d3 39. Kd1 Bb5 40. Ke1
Ba4 41. Nd2+ exd2+ 42. Kxd2 Nb6 43. Ng2 Nc4+ 0-1

[Event "Sparkassen-Open A"]
[Site "Heusenstamm, Martinsee"]
[Date "2015.11.29"]
[Round "7.58"]
[White "Reichel, Günther"]
[Black "Rochau, Normen"]
[Result "1/2-1/2"]
[WhiteElo "1745"]
[BlackElo "1912"]
[PlyCount "30"]
[EventDate "2015.??.??"]
[WhiteTeam "SC-SF Stockstadt"]
[BlackTeam "Karlsruher SF"]

1. c4 Nf6 2. Nc3 e5 3. g3 g6 4. Bg2 Bg7 5. d3 O-O 6. Nf3 Re8 7. e4 c6 8. O-O d5
9. Bg5 d4 10. Ne2 Qb6 11. Rb1 a5 12. Qa4 Na6 13. Bd2 Nc5 14. Qc2 Qc7 15. Rfc1
Bg4 1/2-1/2

[Event "Sparkassen-Open A"]
[Site "Heusenstamm, Martinsee"]
[Date "2015.11.29"]
[Round "7.59"]
[White "Zerhusen, Martin"]
[Black "Kube, Jens"]
[Result "1-0"]
[WhiteElo "1762"]
[BlackElo "1890"]
[PlyCount "79"]
[EventDate "2015.??.??"]
[WhiteTeam "SV Oberursel"]
[BlackTeam "SC Steinbach"]

1. d4 d5 2. c4 c6 3. Nc3 e6 4. e3 Nf6 5. Nf3 Bb4 6. Bd2 O-O 7. a3 Bxc3 8. Bxc3
Nbd7 9. b4 a6 10. Be2 Ne4 11. Bd2 Re8 12. O-O e5 13. cxd5 Nxd2 14. Qxd2 e4 15.
dxc6 bxc6 16. Ne1 a5 17. b5 cxb5 18. Bxb5 Ba6 19. Bxa6 Rxa6 20. Nc2 Qc7 21.
Rfc1 Rh6 22. g3 Rd8 23. Ne1 Qa7 24. Qc2 Rd6 25. Qxe4 Nf6 26. Qc2 Qa8 27. Rab1
Ng4 28. Ng2 Rf6 29. Rf1 Rh6 30. h4 g5 31. Qf5 gxh4 32. Qxg4+ Kh8 33. Nxh4 Rg8
34. Qf4 Rh5 35. Qf3 Rd5 36. a4 Qd8 37. Ng2 Qd7 38. Nf4 Rf5 39. Ra1 h5 40. Kh2
1-0

[Event "Sparkassen-Open A"]
[Site "Heusenstamm, Martinsee"]
[Date "2015.11.29"]
[Round "7.61"]
[White "Haftmann, Rainer"]
[Black "Köllner, Aaron Noah"]
[Result "1-0"]
[WhiteElo "1866"]
[BlackElo "1632"]
[PlyCount "65"]
[EventDate "2015.??.??"]
[WhiteTeam "SG Dietzenbach"]
[BlackTeam "SV Bergneustadt/Derschlag"]

1. e4 c5 2. Nf3 Nf6 3. Nc3 d5 4. Bb5+ Bd7 5. Bxd7+ Qxd7 6. exd5 Nxd5 7. Nxd5
Qxd5 8. O-O Nc6 9. c3 e5 10. Re1 O-O-O 11. d4 cxd4 12. cxd4 exd4 13. Bd2 d3 14.
Qa4 Kb8 15. b4 Nd4 16. Nxd4 Qxd4 17. Be3 Qd5 18. Bxa7+ Ka8 19. Bb6+ Kb8 20.
Rac1 Bc5 21. Qa7+ Kc8 22. Rxc5+ Qxc5 23. Bxc5 d2 24. Rd1 Rhe8 25. Be3 Re6 26.
Kf1 Rc6 27. b5 Rc1 28. Ke2 Rxd1 29. Kxd1 f5 30. Qc5+ Kb8 31. Bf4+ Ka8 32. b6
Rd5 33. Qc8# 1-0

[Event "Sparkassen-Open A"]
[Site "Heusenstamm, Martinsee"]
[Date "2015.11.29"]
[Round "7.62"]
[White "Büse, Ralf"]
[Black "Laufenburg, Frank"]
[Result "1/2-1/2"]
[WhiteElo "1962"]
[BlackElo "1768"]
[PlyCount "39"]
[EventDate "2015.??.??"]
[WhiteTeam "SC Groß-Zimmern"]
[BlackTeam "SC Bergen-Enkheim"]

1. d4 d5 2. Bf4 Nf6 3. e3 e6 4. Nd2 Bd6 5. Bg3 O-O 6. Ngf3 c5 7. c3 c4 8. a4
Nc6 9. b3 cxb3 10. Qxb3 Na5 11. Qc2 b6 12. e4 dxe4 13. Nxe4 Nxe4 14. Qxe4 Bb7
15. Qe3 Rc8 16. Bd3 Bd5 17. Bxd6 Qxd6 18. O-O Qc6 19. Ne5 Qb7 20. Qh3 1/2-1/2

[Event "Sparkassen-Open A"]
[Site "Heusenstamm, Martinsee"]
[Date "2015.11.29"]
[Round "7.63"]
[White "Bunjaku, Lulzim"]
[Black "Zirlik, Rudi"]
[Result "1-0"]
[WhiteElo "1766"]
[BlackElo "1937"]
[PlyCount "119"]
[EventDate "2015.??.??"]
[WhiteTeam "SC Heusenstamm"]
[BlackTeam "SV Unterkochen"]

1. f4 e5 2. d3 Nc6 3. Nf3 d6 4. e4 Bg4 5. h3 Bxf3 6. Qxf3 Nd4 7. Qf2 Be7 8. c3
Ne6 9. f5 Nc5 10. b4 Nd7 11. Be2 Ngf6 12. O-O d5 13. Bf3 d4 14. cxd4 Bxb4 15.
Ba3 a5 16. Bxb4 axb4 17. Nd2 exd4 18. Qxd4 c5 19. Qc4 b6 20. e5 Nxe5 21. Rfe1
Qc7 22. Qb5+ Kf8 23. Bxa8 Qd8 24. Kh1 Nxd3 25. Re2 Nf4 26. Rf2 Nd3 27. Rff1 Qd4
28. Qxb6 Nf2+ 29. Rxf2 Qxa1+ 30. Nf1 Qd4 31. Rd2 Qe5 32. Rd8+ Ne8 33. Bc6 Ke7
34. Rd5 Qf4 35. Qxc5+ Kf6 36. Bb5 g6 37. Rd4 Qg5 38. Rd8 Qf4 39. fxg6 hxg6 40.
Qd4+ Qxd4 41. Rxd4 Nc7 42. Rxb4 Rh5 43. a4 Ke6 44. Ng3 Rc5 45. Bc4+ Ke7 46. Ne4
Re5 47. Rb7 Rxe4 48. Rxc7+ Kd6 49. Rc8 Kd7 50. Ba6 Re6 51. Ra8 Re1+ 52. Kh2 f5
53. Bb5+ Kd6 54. Ra6+ Ke5 55. Rxg6 f4 56. Rg8 Kf5 57. h4 f3 58. Bd7+ Kf6 59.
gxf3 Kf7 60. Rg4 1-0

[Event "Sparkassen-Open A"]
[Site "Heusenstamm, Martinsee"]
[Date "2015.11.29"]
[Round "7.64"]
[White "Paeslack, Luis"]
[Black "Bittner, Peter"]
[Result "1/2-1/2"]
[WhiteElo "1752"]
[BlackElo "1912"]
[PlyCount "36"]
[EventDate "2015.??.??"]
[WhiteTeam "SK Mainaschaff"]
[BlackTeam "SC Nied"]

1. d4 Nf6 2. c4 d6 3. Nc3 g6 4. e4 Bg7 5. Nf3 O-O 6. Be2 Nbd7 7. O-O c6 8. Be3
Re8 9. Qc2 a6 10. Rfd1 Qc7 11. Rac1 Ng4 12. Bf4 e5 13. Bg3 Bh6 14. Rb1 Bg7 15.
h3 Ngf6 16. b3 Nh5 17. Bh2 Nf4 18. Bxf4 exf4 1/2-1/2

[Event "Sparkassen-Open A"]
[Site "Heusenstamm, Martinsee"]
[Date "2015.11.29"]
[Round "7.65"]
[White "van Foreest, Pieter"]
[Black "Foskanyan, Serzhik"]
[Result "1-0"]
[WhiteElo "1661"]
[BlackElo "1911"]
[PlyCount "61"]
[EventDate "2015.??.??"]
[WhiteTeam "vereinslos"]
[BlackTeam "SV Mainz-Mombach"]

1. e4 Nc6 2. Nf3 e5 3. Bc4 Be7 4. d4 exd4 5. c3 dxc3 6. Qd5 Nh6 7. Bxh6 O-O 8.
Nxc3 gxh6 9. Qh5 Bf6 10. Qxh6 Bg7 11. Qh5 Qf6 12. O-O Ne7 13. Rad1 Qg6 14. Qh4
Bf6 15. Qf4 c6 16. Rd6 Kg7 17. e5 Bxe5 18. Rxg6+ Nxg6 19. Qg5 Bxc3 20. bxc3 d5
21. Bd3 f6 22. Qg3 Kf7 23. Bxg6+ hxg6 24. Qc7+ Kg8 25. Re1 g5 26. Re7 Bf5 27.
Nd4 Bd3 28. Ne6 Rac8 29. Rg7+ Kh8 30. Rh7+ Bxh7 31. Qg7# 1-0

[Event "Sparkassen-Open A"]
[Site "Heusenstamm, Martinsee"]
[Date "2015.11.29"]
[Round "7.66"]
[White "Libuda, Thomas"]
[Black "Lasschuit, Rene"]
[Result "0-1"]
[WhiteElo "1846"]
[BlackElo "1726"]
[PlyCount "70"]
[EventDate "2015.??.??"]
[WhiteTeam "1. Hainstadter SC"]
[BlackTeam "SV Berolina Mitte"]

1. d4 Nf6 2. Nf3 d5 3. e3 g6 4. Bd3 Bg7 5. Nbd2 O-O 6. O-O c5 7. c3 Nc6 8. Qe2
Qc7 9. dxc5 Nd7 10. Nb3 Nce5 11. e4 Nxd3 12. Qxd3 dxe4 13. Qxe4 Nxc5 14. Nxc5
Qxc5 15. Be3 Qc7 16. Rfd1 Bf5 17. Qa4 a6 18. g4 b5 19. Qf4 Qxf4 20. Bxf4 Bxg4
21. Rd3 Bxf3 22. Rxf3 Rfd8 23. Re1 e6 24. Kf1 Rd5 25. b3 Rc8 26. Rc1 e5 27. Be3
e4 28. Rh3 Rxc3 29. Ke2 Rxc1 30. Bxc1 Rc5 31. Kd1 f5 32. Bd2 h5 33. Bg5 Kf7 34.
f3 Rc3 35. Bd2 Rxf3 0-1

[Event "Sparkassen-Open A"]
[Site "Heusenstamm, Martinsee"]
[Date "2015.11.29"]
[Round "7.67"]
[White "Berner, Manfred"]
[Black "Traut, Stefan"]
[Result "1-0"]
[WhiteElo "1761"]
[BlackElo "1687"]
[PlyCount "75"]
[EventDate "2015.??.??"]
[WhiteTeam "Sfr. Kelkheim"]
[BlackTeam "SF Heusenstamm"]

1. e4 c5 2. Nf3 Nc6 3. d4 cxd4 4. Nxd4 g6 5. Nc3 Bg7 6. Be3 Nf6 7. Qd2 O-O 8.
f3 d6 9. O-O-O Nxd4 10. Bxd4 Be6 11. Kb1 a6 12. g4 Qc7 13. h4 Rfc8 14. h5 Qa5
15. Nd5 Qxd2 16. Nxf6+ Bxf6 17. Rxd2 Bxd4 18. Rxd4 Rc5 19. hxg6 fxg6 20. Be2
Rac8 21. Bd1 Rf8 22. Rd2 Kg7 23. Rdh2 Rh8 24. f4 Bf7 25. g5 Be6 26. Be2 Bd7 27.
Bd3 a5 28. a3 Bb5 29. b4 axb4 30. axb4 Bxd3 31. bxc5 Bxe4 32. Re1 d5 33. Re3
Rc8 34. Rc3 e6 35. Kb2 Ra8 36. Rb3 Rb8 37. Rb6 Bf5 38. c6 1-0

[Event "Sparkassen-Open A"]
[Site "Heusenstamm, Martinsee"]
[Date "2015.11.29"]
[Round "7.68"]
[White "Klebs, Sebastian"]
[Black "Midanka, Vladimir"]
[Result "1-0"]
[WhiteElo "1828"]
[BlackElo "1700"]
[PlyCount "95"]
[EventDate "2015.??.??"]
[WhiteTeam "Karlsruher SF"]
[BlackTeam "vereinslos"]

1. e4 g6 2. d4 Bg7 3. Nc3 d6 4. Be3 Nf6 5. h3 O-O 6. Nf3 Nbd7 7. Be2 c5 8. O-O
cxd4 9. Nxd4 Nc5 10. f3 Nh5 11. Qe1 Ne6 12. Nxe6 fxe6 13. Qd2 Bd7 14. Bd4 e5
15. Be3 Be6 16. Nd5 Qd7 17. Bc4 Kh8 18. Rfd1 Bxh3 19. gxh3 Rxf3 20. Bf1 Raf8
21. Bg2 Rxh3 22. Bxh3 Qxh3 23. Qg2 Qe6 24. Rf1 Rc8 25. Bxa7 Rc4 26. Be3 Nf6 27.
Nxf6 exf6 28. b3 Rc3 29. Rf3 d5 30. Bh6 Rc7 31. Bxg7+ Kxg7 32. exd5 Qxd5 33.
Qf2 f5 34. Rd3 Qc6 35. c4 Qf6 36. Rad1 Qg5+ 37. Qg2 Qe7 38. Rd6 e4 39. Qb2+ Kh6
40. Qh2+ Kg7 41. Qf4 e3 42. R6d5 e2 43. Re1 Kf7 44. Rxe2 Qxe2 45. Qxc7+ Kf6 46.
Qd8+ Kg7 47. Rd7+ Kh6 48. Qh4+ 1-0

[Event "Sparkassen-Open A"]
[Site "Heusenstamm, Martinsee"]
[Date "2015.11.29"]
[Round "7.69"]
[White "Christen, Stefan"]
[Black "Schwarz, Matthias"]
[Result "1/2-1/2"]
[WhiteElo "1820"]
[BlackElo "1641"]
[PlyCount "66"]
[EventDate "2015.??.??"]
[WhiteTeam "SV Wesel"]
[BlackTeam "SG Idstein"]

1. Nf3 Nf6 2. b3 d5 3. Bb2 e6 4. e3 c5 5. c4 dxc4 6. Bxc4 Be7 7. O-O O-O 8. Qc2
Nc6 9. a3 b6 10. Be2 Bb7 11. d3 Rc8 12. Nbd2 Qc7 13. Rac1 Rfd8 14. Qb1 Qd7 15.
Rfe1 Ba6 16. Nc4 Bxc4 17. dxc4 Qc7 18. h3 Ne8 19. Red1 Bf6 20. Bd3 h6 21. Rd2
Bxb2 22. Qxb2 Nf6 23. Rcd1 Rd7 24. Bc2 Rcd8 25. Rxd7 Rxd7 26. Rxd7 Qxd7 27. Ne5
Qc7 28. Nxc6 Qxc6 29. Qe5 Nd7 30. Qc3 Nf6 31. Bb1 Qd6 32. Qc2 g6 33. g4 e5
1/2-1/2

[Event "Sparkassen-Open A"]
[Site "Heusenstamm, Martinsee"]
[Date "2015.11.29"]
[Round "7.70"]
[White "Kunisch, Nina"]
[Black "Weiland, Thomas"]
[Result "0-1"]
[WhiteElo "1406"]
[BlackElo "1812"]
[PlyCount "108"]
[EventDate "2015.??.??"]
[WhiteTeam "TV-Großostheim"]
[BlackTeam "SV Oberursel"]

1. e4 d5 2. exd5 Qxd5 3. Nc3 Qd8 4. Nf3 Nf6 5. Bc4 Bf5 6. d3 e6 7. Bg5 Be7 8.
Bf4 c6 9. O-O O-O 10. d4 Nbd7 11. Bd3 Bxd3 12. Qxd3 Nb6 13. Ng5 h6 14. Nge4
Nbd5 15. Nxf6+ Bxf6 16. Nxd5 exd5 17. Be5 Bxe5 18. dxe5 Re8 19. Rfe1 Qb6 20.
Qc3 Re6 21. Qb3 Qxb3 22. axb3 a6 23. c4 Rae8 24. f4 f6 25. cxd5 cxd5 26. Rad1
fxe5 27. Rxd5 exf4 28. Rxe6 Rxe6 29. Kf2 Rb6 30. Rd3 g5 31. Kf3 Kf7 32. Kg4 Kg6
33. h3 h5+ 34. Kf3 Rb5 35. Ke4 Kf6 36. Rd6+ Ke7 37. Rd3 Ke6 38. Kf3 Kf5 39. Rc3
a5 40. Rd3 b6 41. Rc3 g4+ 42. hxg4+ hxg4+ 43. Kf2 Rd5 44. Ke1 b5 45. Rc8 Ke4
46. Rf8 Re5 47. Kf2 Rf5 48. Rxf5 Kxf5 49. Ke2 Ke4 50. Kf2 Kd4 51. Ke2 Kc5 52.
Kd3 Kb4 53. Ke4 f3 54. gxf3 gxf3 0-1

[Event "Sparkassen-Open A"]
[Site "Heusenstamm, Martinsee"]
[Date "2015.11.29"]
[Round "7.71"]
[White "Friedel, Thomas"]
[Black "Jordake, Michael"]
[Result "0-1"]
[WhiteElo "1615"]
[BlackElo "1810"]
[PlyCount "26"]
[EventDate "2015.??.??"]
[WhiteTeam "SV Groß-Gerau"]
[BlackTeam "SC Bergen-Enkheim"]

1. e4 e5 2. Nf3 Nc6 3. Bc4 Nf6 4. d3 Bc5 5. O-O d6 6. Bg5 h6 7. Bh4 g5 8. Nxg5
hxg5 9. Bxg5 Bg4 10. Bxf6 Bxd1 11. Bxd8 Be2 12. Re1 Nd4 13. Bxc7 Nf3+ 0-1

[Event "Sparkassen-Open A"]
[Site "Heusenstamm, Martinsee"]
[Date "2015.11.29"]
[Round "7.72"]
[White "Hauk, Roland"]
[Black "Firinci, Erdem"]
[Result "0-1"]
[WhiteElo "1771"]
[BlackElo "1612"]
[PlyCount "50"]
[EventDate "2015.??.??"]
[WhiteTeam "SK Endingen"]
[BlackTeam "SF Heusenstamm"]

1. e4 c5 2. Nf3 Nc6 3. d4 cxd4 4. Nxd4 Qb6 5. Nb3 e5 6. Be3 Qc7 7. Be2 Nf6 8.
f3 Be7 9. O-O O-O 10. Nc3 d6 11. Kh1 Be6 12. Nd5 Bxd5 13. exd5 Nb4 14. c4 Na6
15. Rc1 Nc5 16. Nd2 a5 17. b3 Nfd7 18. Nb1 f5 19. Nc3 f4 20. Bf2 Rf6 21. Nb5
Qd8 22. Bh4 Rh6 23. Bxe7 Qxe7 24. Qe1 Qg5 25. g4 fxg3 0-1

[Event "Sparkassen-Open A"]
[Site "Heusenstamm, Martinsee"]
[Date "2015.11.29"]
[Round "7.73"]
[White "Hinrichs, Paul"]
[Black "Wehr, Jan"]
[Result "1-0"]
[WhiteElo "1711"]
[BlackElo "1713"]
[PlyCount "99"]
[EventDate "2015.??.??"]
[WhiteTeam "SK Bingen"]
[BlackTeam "Krefelder SK Turm"]

1. d4 Nf6 2. c4 e6 3. Nc3 d5 4. Nf3 c6 5. e3 Nbd7 6. Bd3 dxc4 7. Bxc4 b5 8. Bd3
Bb7 9. O-O a6 10. a4 b4 11. Ne4 c5 12. Nxf6+ Nxf6 13. dxc5 Be4 14. Bxe4 Qxd1
15. Bc6+ Qd7 16. Bxd7+ Kxd7 17. Rd1+ Ke8 18. c6 Rc8 19. Ne5 Nd5 20. e4 Ne7 21.
Be3 f6 22. Nc4 Nxc6 23. Rac1 Rd8 24. g3 Rxd1+ 25. Rxd1 Be7 26. Nd6+ Kf8 27. Rc1
Bxd6 28. Rxc6 Ke7 29. Rxa6 Rd8 30. Ra7+ Rd7 31. Rxd7+ Kxd7 32. b3 f5 33. exf5
exf5 34. Kf1 Kc6 35. Ke2 Be7 36. Kd3 Bd6 37. Kc4 Be7 38. Bd2 Bc5 39. f3 h5 40.
Bxb4 Bg1 41. h4 Bf2 42. Bf8 Bxg3 43. Be7 g6 44. b4 Bf2 45. b5+ Kb6 46. Bd8+ Kb7
47. a5 Kc8 48. Bf6 Kb8 49. b6 Kc8 50. Kb5 1-0

[Event "Sparkassen-Open A"]
[Site "Heusenstamm, Martinsee"]
[Date "2015.11.29"]
[Round "7.74"]
[White "Neubauer, Robert"]
[Black "Weber, Detlef"]
[Result "1-0"]
[WhiteElo "1810"]
[BlackElo "1644"]
[PlyCount "153"]
[EventDate "2015.??.??"]
[WhiteTeam "SK Bad Homburg"]
[BlackTeam "SC Höxter"]

1. e4 c5 2. Nf3 d6 3. d4 cxd4 4. Nxd4 Nf6 5. Nc3 a6 6. Bg5 Nbd7 7. f4 e5 8. Nf5
Qb6 9. Bc4 g6 10. fxe5 dxe5 11. Nh6 Bxh6 12. Bxh6 Nc5 13. Nd5 Nxd5 14. Qxd5 Be6
15. Qxe5 O-O-O 16. Bxe6+ fxe6 17. Bd2 Qc6 18. Be3 Nd7 19. Qd4 Nb8 20. Qb4 Rhf8
21. Rf1 Rxf1+ 22. Kxf1 e5 23. Bb6 Re8 24. Rd1 Qf6+ 25. Kg1 Nc6 26. Qc4 Rf8 27.
Rd2 Re8 28. Rf2 Qe6 29. Qa4 Qd6 30. Qc4 Rf8 31. Rxf8+ Qxf8 32. Qe6+ Kb8 33. b4
Qc8 34. Qxc8+ Kxc8 35. c3 Kd7 36. Kf2 Ke6 37. Kf3 h6 38. a4 Nb8 39. Be3 h5 40.
g4 hxg4+ 41. Kxg4 b5 42. axb5 axb5 43. Kg5 Kf7 44. Bb6 Nd7 45. Bd8 Nf8 46. Kg4
Ne6 47. Bb6 Nf8 48. Be3 Nh7 49. Bg5 Ke6 50. h4 Nf8 51. Kf3 Nd7 52. Ke3 Nb6 53.
Bd8 Nc4+ 54. Ke2 Kf7 55. Bg5 Ke6 56. Kf3 Kf7 57. Kg4 Nd6 58. Kf3 Ke6 59. Bd8
Nf7 60. Bc7 Kd7 61. Bb8 Kc8 62. Ba7 Kb7 63. Bc5 Kc6 64. Kg4 Kd7 65. h5 gxh5+
66. Kxh5 Ke6 67. Kg6 Nd8 68. Kg5 Nf7+ 69. Kg4 Nh6+ 70. Kf3 Ng8 71. Ke3 Nf6 72.
Kd3 Kd7 73. Be3 Kc6 74. Bg5 Nd7 75. Bd8 Nb6 76. Bxb6 Kxb6 77. c4 1-0